000 00366 a2200145 4500
005 20250628134839.0
020 _a13-818039-3
082 _a150 FRE
100 _aFREEDMAN, J.
245 _aSocial Psychology
260 _aNew York,
_bPrentice Hall,
_c1970
300 _axvii, 486p.; ill.; figure, picture
_c24cm
700 _aCARSMITH, J. et all...
942 _2ddc
_cBKS
999 _c6035
_d6035